[Event "DOM-ch"]
[Site "Santo Domingo"]
[Date "2022.02.18"]
[Round "1"]
[White "Leon Diaz, Erulis Smil"]
[Black "Segura Encarnacion, Ronald Eliesel"]
[Result "1/2-1/2"]
[WhiteElo "1621"]
[BlackElo "1988"]
[PlyCount "53"]
[EventDate "2022.02.18"]
[EventType "swiss"]
[EventRounds "11"]
[EventCountry "DOM"]
[SourceTitle "EXT 2023"]
[Source "ChessBase"]
[SourceDate "2022.10.05"]
[SourceVersion "1"]
[SourceVersionDate "2022.10.05"]
[SourceQuality "1"]

1. e4 d6 2. Nf3 Nf6 3. Nc3 g6 4. Bc4 Nxe4 5. Nxe4 d5 6. Bd3 dxe4 7. Bxe4 Bg7 8. 0-0 c5 9. Rb1 0-0 10. b3 Nc6 11. Bxc6 bxc6 12. d3 Qd5 13. h3 e5 14. Re1 Re8 15. Bb2 Bd7 16. Nd2 Rad8 17. Qe2 f5 18. Nc4 Re7 19. f4 e4 20. Bxg7 Kxg7 21. Rbd1 Rde8 22. dxe4 Rxe4 23. Rxd5 cxd5 24. Qd3 Rxe1+ 25. Kh2 dxc4 26. Qxd7+ R1e7 27. Qd5 1/2-1/2